000 00446nam a2200157 a 4500
001 000042704
005 20201002040333.0
008 140205s1996 enk 000 0 spa d
020 _a0330371630
040 _aDO-SdBNP
_bspa
_cBNPHU
082 _axxx
_bxxx
100 1 _aFielding, Helen,
_d1958-
_970015
245 1 0 _aBridget Jones's Diary :
_ba novel /
_cHelen Fielding.
260 _aLondon, ParĂ­s :
_bPicador,
_c1996.
300 _a310 p. ;
_c18 cm.
999 _c42193
_d42193